1234 1644 1758 1608 1381 1767 1714 1878 1699 1917 1598 1387 1469 1120 1742 1098 1542 1056 1215 1703 1391 1195 1154 1943 1073 1623 1963 1746 1898 1192 1314 1616 1033 1156 1337 1844 1328 1832 1112 1334 1634 1856 1967 1028 1467 1503 1511 1639 1792 1792 1655 1856 1676 1464 1462 1974 1756 1693 1430 1586 1943 1679 1208 1998 1113 1128 1426 1751 1672 1890 1013 1229 1692 1491 1644 1018 1166 1039 1014 1374 1827 1896 1486 1354 1862 1291 1106 1644 1443 1920 1212 1673 1636 1753 1749 1779 1629 1827 1321 BCNSPRNW ULIB Ver.6.0+V

เปลี่ยนเป็นภาษาไทย

Change to English
 แสดงรายละเอียดบรรณานุกรม
  กลับหน้าหลัก

Brief Record : Get Marc (ISO 2709) : E-mail record : QR code < ปิดหน้าต่าง
LEADER : 00000nam 2200000uu 4500
001    13399114841
003     ULIB
008    110627s2555||||th 000 0 tha d
090    นว.^bว918G
100 0  เวสต์ แคลร์
245 00 ภูตทรายจอมซ่ากับห้าพี่น้องสุดแสบ/^cเวสต์ แคลร์
250    พิมพ์ครั้งที่ 1
260    กรุงเทพฯ :^bซีเอ็ดยูเคชั่น,^c2555-
300     หน้า
945    ^p0^l0^i028109
995    ทศพร
999 ^a ใช้งานได้ทุกระบบ
รายการนี้ยังไม่มีแท็ก
คุณยังไม่ได้ล็อกอิน คุณสามารถมีกิจกรรมร่วมกับเว็บไซต์ได้ แต่ต้องล็อกอินก่อน ::
  ล็อกอิน

รายการสื่อสารสนเทศ

ลำดับที่ ประเภท เลขเรียก/บาร์โค้ด สถานที่ สถานะ
1. นวนิยาย
นวนิยาย
นว. ว918G ฉ.1 
  Barcode: 028109
ห้องสมุดวิทยาเขตสวรรค์ประชารักษ์
►นวนิยาย
บนชั้น
  ขอยืม

รายการใกล้เคียง
    ผู้แต่ง [เวสต์ แคลร์]

BibComment


ยังไม่เคยถูกคอมเมนท์

คอมเมนท์ทรัพยากรรายการนี้
  คอมเมนท์: ภูตทรายจอมซ่ากับห..


 Copyright 2026. Bcnsprnw @Library